Statistiques concernant Wakfu - Personnages: le conseil des Six

Cliquez ici pour prendre le quiz!

Statistiques générales

  • Ce quiz a été pris 47 fois
  • Le résultat moyen est 10 sur 12

Statistiques - réponses

Réponse% Correct
Yugo
100%
Adamaï
97%
Qilby
97%
Grougaloragran
95%
Shinonomé
92%
Nora
90%
Baltazar
85%
Phaéris
77%
Chibi
74%
Efrim
74%
Mina
49%
Glip
38%

Distribution des résultats

Percentile par nombre de réponses

% des personnes avec chaque résultat

Votre développement - résultats

Vous n’avez pas pris ce quiz